[Event "2 Этап Кубка Москвы"]
[Site "Moscow"]
[Date "2017.04.15"]
[Round "1.1"]
[White "Mamatov, Melis"]
[Black "Vekerchuk, Maxim"]
[Result "1/2-1/2"]
[WhiteElo "2188"]
[BlackElo "2061"]
[PlyCount "88"]
[EventDate "2017.04.15"]

1. d3 d5 2. f4 g6 3. Nf3 Bg7 4. c3 Nf6 5. Qc2 O-O 6. g3 Nc6 7. Bg2 Bg4 8. O-O
Qd7 9. e4 Bh3 10. e5 Ne8 11. Be3 Bxg2 12. Kxg2 f6 13. exf6 exf6 14. Nbd2 Ne7
15. Rae1 Nf5 16. Bf2 Ned6 17. h3 Rfe8 18. g4 Nh6 19. Qb3 c6 20. Rxe8+ Rxe8 21.
Bxa7 Nxg4 22. hxg4 Qxg4+ 23. Kf2 Qxf4 24. Qb4 Qxb4 25. cxb4 Nb5 26. Bb6 Ra8 27.
a3 f5 28. Rb1 h6 29. Nb3 Ra6 30. Bd4 Nxd4 31. Nfxd4 Ra8 32. b5 c5 33. Ne6 b6
34. Nxg7 Kxg7 35. Re1 Kf6 36. Ra1 Ra4 37. Nd2 g5 38. b3 Ra8 39. a4 Ke5 40. Nf3+
Kf4 41. d4 c4 42. bxc4 dxc4 43. Ne5 c3 44. Ke2 Rd8 1/2-1/2

[Event "2 Этап Кубка Москвы"]
[Site "Moscow"]
[Date "2017.04.15"]
[Round "1.2"]
[White "Alperin, Volt"]
[Black "Prakhov, Nikolay"]
[Result "1-0"]
[WhiteElo "2182"]
[BlackElo "1895"]
[PlyCount "109"]
[EventDate "2017.04.15"]

1. Nf3 Nf6 2. c4 c6 3. Nc3 d5 4. d4 Bf5 5. g3 Nbd7 6. cxd5 cxd5 7. Qb3 Nb6 8.
Bg2 e6 9. Nh4 Bg6 10. Nxg6 hxg6 11. O-O Bd6 12. a4 Qd7 13. a5 Nc4 14. e4 Be7
15. exd5 exd5 16. Nxd5 Nxd5 17. Qxc4 Nf6 18. a6 Rc8 19. axb7 Rxc4 20. b8=Q+ Rc8
21. Qxa7 O-O 22. Qxd7 Nxd7 23. Ra7 Rfd8 24. Bd2 Bf6 25. Bh3 Bxd4 26. Rxd7 Bxb2
27. Be3 f5 28. Rxd8+ Rxd8 29. Rb1 Be5 30. Bf1 Kh7 31. Bc4 Bf6 32. h4 Rc8 33.
Bd5 Rd8 34. Rb5 Re8 35. Kg2 Rd8 36. Kf3 Rd7 37. Bb3 Rd8 38. Be6 Rd6 39. Bb3 Rd8
40. Kf4 Re8 41. Rb7 Be5+ 42. Kf3 Rf8 43. Bf7 Bf6 44. Kf4 Ra8 45. Ba7 Bc3 46. h5
Bd2+ 47. Kf3 gxh5 48. Bxh5 Kh6 49. Bf7 g5 50. Bd4 Ra3+ 51. Kg2 Ra8 52. Rb6+ Kh7
53. Rb1 g4 54. Rb5 Rd8 55. Bb2 1-0

[Event "2 Этап Кубка Москвы"]
[Site "Moscow"]
[Date "2017.04.15"]
[Round "1.3"]
[White "Tagirov, Kajum K"]
[Black "Losev, Dmitry"]
[Result "0-1"]
[WhiteElo "1886"]
[BlackElo "2170"]
[PlyCount "65"]
[EventDate "2017.04.15"]

1. b4 Nf6 2. Bb2 e6 3. a3 b6 4. e3 Bb7 5. Nf3 Be7 6. Be2 O-O 7. O-O c5 8. bxc5
bxc5 9. c4 Nc6 10. d3 Rb8 11. Qc2 d5 12. Nbd2 d4 13. e4 Qc7 14. Rfe1 e5 15. Kh1
Nd8 16. Ng1 Ne6 17. Nh3 Bc6 18. Bc1 Kh8 19. Rg1 h6 20. Nf1 Nh7 21. Ng3 Bg5 22.
Nxg5 hxg5 23. Bd2 g6 24. Bg4 Nf4 25. Bd1 Kg7 26. Ne2 Ne6 27. Ng3 Rh8 28. Bg4
Nf4 29. Nf1 Nf6 30. Bd1 Rb2 31. Qxb2 Nxd3 32. Bc1 Nxb2 33. Bxb2 0-1

[Event "2 Этап Кубка Москвы"]
[Site "Moscow"]
[Date "2017.04.15"]
[Round "1.4"]
[White "Kedrov, Valery V"]
[Black "Samudin, Elina"]
[Result "1-0"]
[WhiteElo "2150"]
[BlackElo "1794"]
[PlyCount "107"]
[EventDate "2017.04.15"]

1. e4 c6 2. d4 d5 3. Nd2 dxe4 4. Nxe4 Nd7 5. Ng5 Ngf6 6. Bc4 e6 7. Qe2 Nb6 8.
Bb3 Bd6 9. N1f3 h6 10. Ne4 Nxe4 11. Qxe4 Nd5 12. Bd2 a5 13. c4 Nf6 14. Qe2 a4
15. Bc2 Bd7 16. Bd3 Rb8 17. b3 b5 18. O-O O-O 19. Ne5 axb3 20. axb3 bxc4 21.
bxc4 c5 22. dxc5 Bxc5 23. Bc3 Rb3 24. Qc2 Qb8 25. Nxd7 Nxd7 26. Bh7+ Kh8 27.
Be4 Qb6 28. Qd2 Rxc3 29. Qxc3 Bd4 30. Qa3 Bxa1 31. Rxa1 Qd4 32. Bc6 Rd8 33.
Bxd7 Rxd7 34. Qa4 Rc7 35. Rc1 e5 36. g3 f5 37. Qb3 Kh7 38. Qc2 g6 39. c5 e4 40.
c6 e3 41. fxe3 Qxe3+ 42. Kg2 f4 43. Rf1 fxg3 44. hxg3 Qe6 45. Rc1 Qd5+ 46. Kh2
Qh5+ 47. Kg1 Qd5 48. Qc3 Qd6 49. Rf1 h5 50. Rf6 Qd5 51. Rf8 Kh6 52. Rh8+ Kg5
53. Qe3+ Kf6 54. Qf4+ 1-0

[Event "2 Этап Кубка Москвы"]
[Site "Moscow"]
[Date "2017.04.15"]
[Round "1.5"]
[White "Pavlov, Mark"]
[Black "Borisov, Evgenij"]
[Result "1/2-1/2"]
[WhiteElo "1787"]
[BlackElo "2113"]
[PlyCount "48"]
[EventDate "2017.04.15"]

1. d4 d6 2. c4 e5 3. dxe5 dxe5 4. Qxd8+ Kxd8 5. Nf3 f6 6. Nc3 Be6 7. e4 Nd7 8.
Be3 c6 9. O-O-O Kc7 10. Be2 Nh6 11. h3 g5 12. g4 Be7 13. Rd2 Nf7 14. Rhd1 h5
15. Nh2 hxg4 16. Bxg4 Bxg4 17. hxg4 Rad8 18. Nf1 Rh3 19. Ng3 Nh6 20. Nf5 Nxf5
21. gxf5 Nb6 22. b3 Rxd2 23. Rxd2 Nd7 24. Kc2 b6 1/2-1/2

[Event "2 Этап Кубка Москвы"]
[Site "Moscow"]
[Date "2017.04.15"]
[Round "1.6"]
[White "Kovtunenko, Alexandr"]
[Black "Kamennov, Pavel"]
[Result "1-0"]
[WhiteElo "2097"]
[BlackElo "1695"]
[PlyCount "49"]
[EventDate "2017.04.15"]

1. e4 c5 2. Nf3 d6 3. d4 cxd4 4. Nxd4 Nf6 5. Nc3 a6 6. Bg5 e6 7. f4 Be7 8. Qf3
Qc7 9. O-O-O O-O 10. Bd3 Nbd7 11. Nb3 b5 12. e5 Bb7 13. Qh3 dxe5 14. Bxh7+ Nxh7
15. Bxe7 Rfc8 16. fxe5 Nb6 17. Bd6 Qd8 18. Kb1 Qg5 19. Rhg1 Qg6 20. Rd3 Na4 21.
Rg3 Nxc3+ 22. bxc3 Qf5 23. Qh6 g6 24. Nd4 Qf2 25. Rh3 1-0

[Event "2 Этап Кубка Москвы"]
[Site "Moscow"]
[Date "2017.04.15"]
[Round "1.9"]
[White "Chapygin, Sergey"]
[Black "Elyshev, Lev"]
[Result "1-0"]
[WhiteElo "1914"]
[BlackElo "1782"]
[PlyCount "51"]
[EventDate "2017.04.15"]

1. d4 f6 2. e4 g6 3. h4 Nh6 4. h5 g5 5. e5 d6 6. exd6 exd6 7. Qe2+ Be7 8. Nc3
c6 9. Be3 d5 10. O-O-O O-O 11. Re1 Re8 12. Qd2 Bd6 13. Nh3 b5 14. Bd3 Nf5 15.
Bxg5 Rxe1+ 16. Rxe1 fxg5 17. Nxg5 Na6 18. g4 h6 19. Nf3 Qc7 20. Ne2 Nb4 21.
gxf5 Qa5 22. Rg1+ Kf7 23. Qxh6 Nxd3+ 24. Kb1 Nxf2 25. Rg7+ Ke8 26. Qg6+ 1-0

[Event "2 Этап Кубка Москвы"]
[Site "Moscow"]
[Date "2017.04.15"]
[Round "1.12"]
[White "Apryshko, Gleb"]
[Black "Fridman, Roman A"]
[Result "1-0"]
[WhiteElo "2334"]
[BlackElo "1685"]
[PlyCount "101"]
[EventDate "2017.04.15"]

1. e4 e5 2. Nf3 Nc6 3. Bc4 Nf6 4. d3 Bc5 5. c3 d6 6. a4 a6 7. Nbd2 O-O 8. O-O
Ba7 9. a5 Be6 10. Ng5 Bxc4 11. dxc4 h6 12. Ngf3 Qe7 13. Qe2 Nd8 14. Rd1 Ne6 15.
g3 Ng4 16. Rf1 Nxf2 17. Rxf2 Bxf2+ 18. Qxf2 f5 19. Nh4 Ng5 20. Nxf5 Qd7 21. Qe2
Kh7 22. Nf1 g6 23. Bxg5 gxf5 24. Qh5 Qg7 25. h4 f4 26. gxf4 exf4 27. c5 Qg6 28.
Qxg6+ Kxg6 29. Be7 Rf7 30. cxd6 cxd6 31. Bxd6 Kh5 32. Kf2 Rd8 33. e5 Re8 34.
Nd2 Rg7 35. Ne4 Re6 36. Nf6+ Kg6 37. Rg1+ Kf7 38. Rxg7+ Kxg7 39. Nh5+ Kf7 40.
Nxf4 Re8 41. Kf3 Rg8 42. Ke4 Rg4 43. Kf5 Rxh4 44. e6+ Ke8 45. Nd5 Rh5+ 46. Ke4
Rh4+ 47. Kd3 Rh3+ 48. Kc2 Rh4 49. Nf6+ Kd8 50. e7+ Kc8 51. e8=R# 1-0

[Event "2 Этап Кубка Москвы"]
[Site "Moscow"]
[Date "2017.04.15"]
[Round "1.13"]
[White "Solozhenkin, Sevastyan"]
[Black "Voronkov, Denis"]
[Result "0-1"]
[WhiteElo "1243"]
[BlackElo "2149"]
[PlyCount "80"]
[EventDate "2017.04.15"]

1. d4 e6 2. c4 Nf6 3. Nc3 c5 4. d5 exd5 5. Nxd5 Nxd5 6. Qxd5 Nc6 7. a3 d6 8.
Bf4 Be6 9. Qd2 Bxc4 10. Rd1 Be6 11. Bxd6 Bxd6 12. Qxd6 Qxd6 13. Rxd6 Nd4 14. e3
Ke7 15. Rxd4 cxd4 16. exd4 Rhd8 17. Nf3 Bd5 18. Be2 Bxf3 19. Bxf3 Rxd4 20. O-O
Rd7 21. h3 f5 22. Re1+ Kf7 23. a4 Rc8 24. Rb1 Rc2 25. b3 b6 26. g4 fxg4 27.
Bxg4 Rdd2 28. Rf1 Rb2 29. Bd1 Kf6 30. Kg2 Rb1 31. Bf3 Rxb3 32. Bg4 Rbb2 33. Bf3
Ra2 34. Bc6 Rd4 35. Re1 Raxa4 36. Bxa4 Rxa4 37. Kg3 a5 38. Rb1 Rb4 39. Ra1 a4
40. Rc1 h6 0-1

[Event "2 Этап Кубка Москвы"]
[Site "Moscow"]
[Date "2017.04.18"]
[Round "2.1"]
[White "Kovtunenko, Alexandr"]
[Black "Apryshko, Gleb"]
[Result "1-0"]
[WhiteElo "2097"]
[BlackElo "2334"]
[PlyCount "53"]
[EventDate "2017.04.15"]

1. e4 g6 2. d4 Bg7 3. Nc3 d6 4. Be3 a6 5. Qd2 Nd7 6. O-O-O b5 7. f3 Bb7 8. h4
h5 9. Nh3 Rc8 10. Ng5 c5 11. Kb1 Qa5 12. e5 cxd4 13. Bxd4 dxe5 14. Be3 Ngf6 15.
Bd3 b4 16. Nce4 Nd5 17. Ka1 Nc3 18. Bc4 O-O 19. bxc3 Rxc4 20. Qxd7 Bc6 21. Qxe7
bxc3 22. Nxf7 Bxe4 23. Rd7 Qxa2+ 24. Kxa2 Ra4+ 25. Kb3 Rb8+ 26. Kxa4 Bc6+ 27.
Ka5 1-0

[Event "2 Этап Кубка Москвы"]
[Site "Moscow"]
[Date "2017.04.18"]
[Round "2.2"]
[White "Melikidze, Valeriy"]
[Black "Alperin, Volt"]
[Result "0-1"]
[WhiteElo "2060"]
[BlackElo "2182"]
[PlyCount "122"]
[EventDate "2017.04.15"]

1. d4 d5 2. Nf3 Nf6 3. c4 c6 4. e3 a6 5. Qc2 g6 6. Bd3 Bg7 7. b3 O-O 8. O-O
Nbd7 9. Bb2 c5 10. Nc3 dxc4 11. bxc4 cxd4 12. exd4 e5 13. dxe5 Ng4 14. e6 fxe6
15. Ne4 Qc7 16. Bxg7 Rxf3 17. Ng3 Rxg3 18. fxg3 Kxg7 19. Rae1 Ndf6 20. Qb2 Qc5+
21. Kh1 Bd7 22. h3 Kg8 23. Rxf6 Nxf6 24. Qxf6 Rf8 25. Qe5 Qxe5 26. Rxe5 Rf2 27.
Re2 Rxe2 28. Bxe2 Kf7 29. Kg1 Kf6 30. Kf2 Ke5 31. Ke3 b6 32. h4 h6 33. Bd3 g5
34. Be4 a5 35. Bb7 Ba4 36. Be4 Kd6 37. Kd4 e5+ 38. Kd3 Kc5 39. Bf3 Bc6 40. h5
Bd7 41. Ke4 Kd6 42. Kd3 Be6 43. Be4 Kc5 44. Bg6 Bxc4+ 45. Ke4 Kd6 46. Kf5 e4
47. Kxe4 Bxa2 48. Be8 Bb1+ 49. Kd4 Bf5 50. Ba4 Bd7 51. Bb3 b5 52. Bc2 a4 53.
Kc3 Kc5 54. Bg6 b4+ 55. Kb2 a3+ 56. Ka1 b3 57. g4 Bxg4 58. g3 Kb4 59. Kb1 Kc3
60. Ka1 Be2 61. Bb1 Bc4 0-1

[Event "2 Этап Кубка Москвы"]
[Site "Moscow"]
[Date "2017.04.18"]
[Round "2.3"]
[White "Losev, Dmitry"]
[Black "Skvortsov, Aleksandr"]
[Result "1-0"]
[WhiteElo "2170"]
[BlackElo "2055"]
[PlyCount "57"]
[EventDate "2017.04.15"]

1. e4 c5 2. Nf3 Nc6 3. d4 cxd4 4. Nxd4 e5 5. Nb5 Nf6 6. N5c3 Bc5 7. Bc4 d6 8.
O-O Be6 9. Bxe6 fxe6 10. Na4 Nxe4 11. Qg4 d5 12. Nxc5 Nxc5 13. Qxg7 Rf8 14. Bh6
Rf5 15. g4 Rf3 16. Nd2 Rh3 17. Bg5 Qd6 18. Kg2 h6 19. Bf6 Rxh2+ 20. Kxh2 e4+
21. f4 exf3+ 22. Kh3 Qf4 23. Rad1 f2 24. Kg2 Ne4 25. Qg6+ Kd7 26. Nxe4 Rg8 27.
Qh7+ Ne7 28. Qxe7+ Kc6 29. Qxe6+ 1-0

[Event "2 Этап Кубка Москвы"]
[Site "Moscow"]
[Date "2017.04.18"]
[Round "2.4"]
[White "Chapygin, Sergey"]
[Black "Kedrov, Valery V"]
[Result "1/2-1/2"]
[WhiteElo "1914"]
[BlackElo "2150"]
[PlyCount "28"]
[EventDate "2017.04.15"]

1. d4 Nf6 2. Nf3 g6 3. e3 Bg7 4. Bd3 O-O 5. O-O d6 6. b3 c5 7. Bb2 Nc6 8. a3 e5
9. dxe5 Ng4 10. Nc3 Ngxe5 11. Be4 Be6 12. Rb1 Rb8 13. Bd5 Bg4 14. h3 Nxf3+
1/2-1/2

[Event "2 Этап Кубка Москвы"]
[Site "Moscow"]
[Date "2017.04.18"]
[Round "2.5"]
[White "Voronkov, Denis"]
[Black "Grigoryev, Vladislav"]
[Result "1-0"]
[WhiteElo "2149"]
[BlackElo "1837"]
[PlyCount "103"]
[EventDate "2017.04.15"]

1. d4 d5 2. Nf3 c5 3. e3 Nf6 4. c3 Nbd7 5. Bd3 g6 6. Nbd2 Bg7 7. O-O O-O 8. b3
Qc7 9. Bb2 e5 10. dxe5 Ng4 11. h3 Ngxe5 12. Be2 Rd8 13. Qc2 Nxf3+ 14. Nxf3 Ne5
15. Rad1 Bf5 16. Qc1 Qe7 17. c4 Nxf3+ 18. Bxf3 Bxb2 19. Qxb2 dxc4 20. Rxd8+
Rxd8 21. bxc4 Bd3 22. Rc1 b6 23. Qa3 Bf5 24. Bd5 a5 25. e4 Be6 26. Qb2 Rb8 27.
Qe5 Re8 28. f3 Qd7 29. Qf6 Qa4 30. Qb2 Qb4 31. Qe5 Qd2 32. Rb1 Qe3+ 33. Kh1 Bd7
34. Qf6 Be6 35. Rxb6 Bxd5 36. cxd5 Qd4 37. Qxd4 cxd4 38. d6 Rd8 39. e5 d3 40.
Rb3 f6 41. f4 fxe5 42. fxe5 Kf7 43. Rxd3 Ke6 44. Re3 Rb8 45. Rb3 Rf8 46. Rb5 a4
47. Ra5 Rf4 48. Kh2 Re4 49. Kg3 Re3+ 50. Kf4 Ra3 51. Ra7 g5+ 52. Ke4 1-0

[Event "2 Этап Кубка Москвы"]
[Site "Moscow"]
[Date "2017.04.18"]
[Round "2.7"]
[White "Vekerchuk, Maxim"]
[Black "Prokopchuk, Yury"]
[Result "1/2-1/2"]
[WhiteElo "2061"]
[BlackElo "2263"]
[PlyCount "119"]
[EventDate "2017.04.15"]

1. Nf3 Nf6 2. c4 b6 3. g3 Bb7 4. Bg2 e6 5. O-O Be7 6. b3 O-O 7. Bb2 d5 8. Ne5
Nfd7 9. Nxd7 Nxd7 10. Nc3 Nf6 11. Rc1 c5 12. d4 Rc8 13. e3 Rc7 14. dxc5 bxc5
15. cxd5 exd5 16. Nb5 Rc8 17. Bh3 Rc6 18. Bg2 a6 19. Nc3 Rc7 20. Na4 Ne4 21.
Be5 Rc6 22. f3 Nf6 23. Bxf6 gxf6 24. f4 Rc7 25. Qh5 Qd6 26. Rfd1 Qe6 27. e4 d4
28. Nxc5 Bxc5 29. Rxc5 Rxc5 30. Qxc5 Bxe4 31. Bxe4 Qxe4 32. Qxd4 Qe6 33. f5 Qe7
34. Kg2 Re8 35. Kh3 Kg7 36. Rf1 Rd8 37. Qg4+ Kh8 38. Rf4 Rg8 39. Qf3 Rd8 40.
Rh4 Qe1 41. Re4 Qd2 42. Re2 Qh6+ 43. Kg2 Qc1 44. Qe3 Qc6+ 45. Qe4 Qc5 46. Qe7
Qd5+ 47. Qe4 Qd1 48. Qe7 Kg7 49. Qe3 Rd4 50. Qf3 Qc1 51. Kh3 Qb1 52. Kg2 h6 53.
Kh3 a5 54. Kg2 Qc1 55. Kh3 Qd1 56. Kg2 Rd3 57. Qg4+ Kh7 58. Qh5 Kg7 59. Qg4+
Kh7 60. Qh5 1/2-1/2

[Event "2 Этап Кубка Москвы"]
[Site "Moscow"]
[Date "2017.04.18"]
[Round "2.8"]
[White "Yudkevich, Mikhail"]
[Black "Mamatov, Melis"]
[Result "0-1"]
[WhiteElo "2062"]
[BlackElo "2188"]
[PlyCount "46"]
[EventDate "2017.04.15"]

1. d4 c5 2. d5 e6 3. c4 b5 4. dxe6 fxe6 5. cxb5 d5 6. e3 Nf6 7. Nf3 Bd6 8. Be2
e5 9. Nc3 Bb7 10. O-O O-O 11. Ng5 Qe7 12. e4 h6 13. Nf3 d4 14. Bc4+ Kh7 15. Nd5
Bxd5 16. Bxd5 Nxd5 17. exd5 e4 18. Re1 Nd7 19. b4 d3 20. Bb2 Rxf3 21. gxf3 Qg5+
22. Kf1 Bxh2 23. Rxe4 Qg1# 0-1

[Event "2 Этап Кубка Москвы"]
[Site "Moscow"]
[Date "2017.04.18"]
[Round "2.9"]
[White "Borisov, Evgenij"]
[Black "Magomedov, Rustam"]
[Result "1/2-1/2"]
[WhiteElo "2113"]
[BlackElo "1635"]
[PlyCount "104"]
[EventDate "2017.04.15"]

1. Nf3 Nf6 2. c3 g6 3. d4 Bg7 4. Bg5 d6 5. Nbd2 O-O 6. e4 Nc6 7. Bc4 e5 8. dxe5
dxe5 9. O-O Qd6 10. Qe2 Re8 11. Rad1 Be6 12. Nb3 Bxc4 13. Qxc4 Qe6 14. Qa4 Nd7
15. Qb5 a6 16. Qd5 Nb6 17. Qxe6 Rxe6 18. Nc5 Ree8 19. Nd7 Nxd7 20. Rxd7 Rac8
21. Rfd1 f6 22. Be3 Red8 23. Kf1 Rxd7 24. Rxd7 Bf8 25. Rd5 Rd8 26. Rxd8 Nxd8
27. Ke2 Nc6 28. Nd2 b5 29. Kd3 f5 30. f3 Kf7 31. Nb3 a5 32. Nc5 a4 33. b3 axb3
34. axb3 Na5 35. Kc2 Bd6 36. Kb2 f4 37. Bf2 g5 38. h3 c6 39. Nd3 Ke6 40. Bb6
Nb7 41. b4 h6 42. Kb3 Kd7 43. c4 bxc4+ 44. Kxc4 Ke6 45. Nc5+ Nxc5 46. Bxc5 Bxc5
47. Kxc5 Kd7 48. Kb6 Kd6 49. Kb7 Kd7 50. Kb6 Kd6 51. Kb7 Kd7 52. Kb6 Kd6
1/2-1/2

[Event "2 Этап Кубка Москвы"]
[Site "Moscow"]
[Date "2017.04.18"]
[Round "2.10"]
[White "Prakhov, Nikolay"]
[Black "Pavlov, Mark"]
[Result "0-1"]
[WhiteElo "1895"]
[BlackElo "1787"]
[PlyCount "150"]
[EventDate "2017.04.15"]

1. e4 e6 2. d4 d5 3. e5 c5 4. c3 Nc6 5. Nf3 Nge7 6. Bd3 cxd4 7. cxd4 Nf5 8.
Bxf5 exf5 9. Nc3 Be6 10. O-O Be7 11. h4 h6 12. h5 g6 13. hxg6 fxg6 14. Nb5 a6
15. Nd6+ Bxd6 16. exd6 Qxd6 17. Re1 O-O-O 18. b4 Rde8 19. Qb3 Qxb4 20. Qd1 g5
21. Bd2 Qd6 22. Rc1 Kb8 23. Bc3 Bd7 24. Ne5 Nxe5 25. dxe5 Qe6 26. Qd4 Rc8 27.
Red1 Bc6 28. Rd2 Rhd8 29. Bb4 Ka8 30. Bd6 Bb5 31. Rxc8+ Rxc8 32. Qxd5 Rc1+ 33.
Kh2 Qg6 34. Qf3 g4 35. Bc5 Qh5+ 36. Kg3 Rxc5 37. Rd8+ Ka7 38. Qe3 f4+ 39. Qxf4
Qxe5 40. Qxe5 Rxe5 41. Kxg4 Rg5+ 42. Kh3 Bf1 43. f4 Bxg2+ 44. Kh4 Rg6 45. Rf8
Bd5 46. a3 Rg7 47. Rf5 Be4 48. Rf8 Bg6 49. Rf6 h5 50. f5 Be8 51. Rf8 Rg4+ 52.
Kh3 Bd7 53. Rf7 Bc8 54. Kh2 Rf4 55. f6 Be6 56. Rf8 h4 57. Rh8 h3 58. Rh6 Rf2+
59. Kg3 Rg2+ 60. Kf4 h2 61. Ke5 Ba2 62. a4 Re2+ 63. Kd4 Rf2 64. Ke3 Rxf6 65.
Rxh2 Bd5 66. a5 Be6 67. Rh1 Rf5 68. Ra1 Kb8 69. Kd4 Kc7 70. Re1 Kd6 71. Ra1
Rd5+ 72. Kc3 Rb5 73. Ra3 Rb3+ 74. Rxb3 Bxb3 75. Kxb3 Kc5 0-1

[Event "2 Этап Кубка Москвы"]
[Site "Moscow"]
[Date "2017.04.18"]
[Round "2.11"]
[White "Fridman, Roman A"]
[Black "Tagirov, Kajum K"]
[Result "1-0"]
[WhiteElo "1685"]
[BlackElo "1886"]
[PlyCount "109"]
[EventDate "2017.04.15"]

1. e4 h6 2. Nf3 e6 3. d4 d5 4. exd5 exd5 5. Bd3 Nf6 6. O-O Bd6 7. Re1+ Be6 8.
Bf5 O-O 9. Bxe6 fxe6 10. Nc3 Re8 11. Ne5 Nbd7 12. Bf4 Nf8 13. Qd2 c6 14. Re3
Bxe5 15. Bxe5 Ng4 16. Rg3 Nxe5 17. dxe5 Kh8 18. Qd4 Qe7 19. Re1 c5 20. Qg4 Rad8
21. Nb5 Nh7 22. Nd6 Rg8 23. Rf3 Ng5 24. Qxg5 Qxg5 25. Nf7+ Kh7 26. Nxg5+ hxg5
27. Rf7 Rb8 28. Re3 Rgf8 29. Ref3 Rxf7 30. Rxf7 Kg6 31. Re7 Kf5 32. Rxg7 a5 33.
Kf1 g4 34. Ke2 b5 35. Rc7 b4 36. Rg7 d4 37. g3 a4 38. f4 Rh8 39. Rg5+ Ke4 40.
Rxg4 Rxh2+ 41. Kd1 Rg2 42. Rh4 Ke3 43. Rh1 Rxg3 44. f5 exf5 45. e6 Rg7 46. Re1+
Kf3 47. e7 Rxe7 48. Rxe7 c4 49. Rb7 b3 50. axb3 axb3 51. cxb3 cxb3 52. Rxb3+
Ke4 53. Ke2 f4 54. Rd3 Kd5 55. b4 1-0

[Event "2 Этап Кубка Москвы"]
[Site "Moscow"]
[Date "2017.04.18"]
[Round "2.12"]
[White "Melnik, Alexander"]
[Black "Solozhenkin, Sevastyan"]
[Result "1-0"]
[WhiteElo "1813"]
[BlackElo "1243"]
[PlyCount "85"]
[EventDate "2017.04.15"]

1. e4 e6 2. d4 d5 3. Nd2 b6 4. Ngf3 c5 5. c3 Bb7 6. Bb5+ Nd7 7. Ne5 Ngf6 8. Qf3
dxe4 9. Qf4 Bd6 10. Ndc4 Bxe5 11. dxe5 O-O 12. exf6 Nxf6 13. Ne5 Nd5 14. Qg3
Qe7 15. O-O a6 16. Bc6 Bxc6 17. Nxc6 Qb7 18. Ne5 b5 19. Qh4 f5 20. Be3 Nxe3 21.
fxe3 Kh8 22. Ng6+ Kg8 23. Nxf8 Rxf8 24. Rad1 Qc7 25. Qf4 e5 26. Qg5 Qc8 27. Rd5
Qe6 28. Rd8 g6 29. Rfd1 Qf7 30. Rxf8+ Kxf8 31. Qd8+ Qe8 32. Qf6+ Kg8 33. Rd8
Qxd8 34. Qxd8+ Kg7 35. Qe7+ Kh6 36. Kf2 g5 37. Kg3 g4 38. Kh4 Kg6 39. Qe6+ Kg7
40. Kg5 f4 41. Qe7+ Kg8 42. Kf6 h5 43. Qg7# 1-0

[Event "2 Этап Кубка Москвы"]
[Site "Moscow"]
[Date "2017.04.20"]
[Round "3.1"]
[White "Alperin, Volt"]
[Black "Voronkov, Denis"]
[Result "0-1"]
[WhiteElo "2182"]
[BlackElo "2149"]
[PlyCount "60"]
[EventDate "2017.04.15"]

1. Nf3 d5 2. d4 e6 3. g3 f5 4. c4 c6 5. Nc3 Bd6 6. c5 Bc7 7. Bf4 Nf6 8. e3 O-O
9. Bd3 Nbd7 10. O-O h6 11. h4 Ne4 12. Kg2 e5 13. Nxe5 Nxe5 14. Bxe4 fxe4 15.
dxe5 Qd7 16. Rh1 Qf5 17. h5 Bxe5 18. Nxd5 Qf7 19. Nc3 Bxc3 20. bxc3 Be6 21. Qe2
Qf5 22. Rad1 Rf7 23. Rd6 Re8 24. Qd1 Qxc5 25. Bxh6 Bg4 26. Qd2 Bf3+ 27. Kg1
Bxh1 28. g4 gxh6 29. Kxh1 Rg7 30. Rxh6 Qg5 0-1

[Event "2 Этап Кубка Москвы"]
[Site "Moscow"]
[Date "2017.04.20"]
[Round "3.2"]
[White "Losev, Dmitry"]
[Black "Kovtunenko, Alexandr"]
[Result "1-0"]
[WhiteElo "2170"]
[BlackElo "2097"]
[PlyCount "59"]
[EventDate "2017.04.15"]

1. e4 e5 2. Nf3 Nc6 3. Bc4 Nf6 4. Ng5 d5 5. exd5 Na5 6. Bb5+ c6 7. dxc6 bxc6 8.
Be2 h6 9. Nf3 e4 10. Ne5 Qc7 11. f4 Bc5 12. c3 g5 13. b4 gxf4 14. d4 Nd5 15.
bxc5 Rg8 16. c4 Qd8 17. g3 fxg3 18. hxg3 Rxg3 19. cxd5 e3 20. Bf3 Qg5 21. Qe2
Rg1+ 22. Rxg1 Qxg1+ 23. Qf1 Qg3+ 24. Kd1 Bh3 25. Qe1 Qh2 26. Bxe3 Rb8 27. Bf4
Qxf4 28. Ng6+ Kd7 29. Qe7+ Kc8 30. Nxf4 1-0

[Event "2 Этап Кубка Москвы"]
[Site "Moscow"]
[Date "2017.04.20"]
[Round "3.3"]
[White "Pavlov, Mark"]
[Black "Kozlov, Vladimir N"]
[Result "0-1"]
[WhiteElo "1787"]
[BlackElo "2253"]
[PlyCount "164"]
[EventDate "2017.04.15"]

1. d4 Nf6 2. Nf3 g6 3. Bg5 Bg7 4. c3 O-O 5. Nbd2 d6 6. e4 c5 7. dxc5 dxc5 8.
Be2 Nc6 9. O-O h6 10. Bh4 g5 11. Bg3 Nh5 12. Qc2 Nxg3 13. hxg3 Qc7 14. Nc4 b6
15. Ne3 e6 16. Rad1 Bb7 17. Rd2 Rad8 18. Rfd1 Rxd2 19. Rxd2 Rd8 20. Nc4 b5 21.
Ne3 a6 22. Rxd8+ Qxd8 23. Nd2 Qd6 24. a4 c4 25. axb5 axb5 26. b3 cxb3 27. Nxb3
b4 28. Nc4 Qe7 29. cxb4 Qxb4 30. Qd3 Qe1+ 31. Bf1 Nb4 32. Qd2 Bc3 33. Qxe1 Bxe1
34. Nc5 Ba8 35. Ne5 Na2 36. Bc4 Nb4 37. Bb5 Bc3 38. Ned7 Bd4 39. Nb3 Ba7 40.
Nbc5 Kg7 41. e5 g4 42. Kh2 h5 43. Be2 Kh6 44. f3 Kg5 45. fxg4 hxg4 46. Nb3 Nd5
47. Nd2 Ne3 48. Nf6 Bd4 49. Nde4+ Kf5 50. Nf2 Kxe5 51. N2xg4+ Nxg4+ 52. Nxg4+
Kd6 53. Kh3 f5 54. Nh2 e5 55. Nf3 Bc3 56. g4 f4 57. g5 e4 58. Kg4 exf3 59. Bxf3
Bxf3+ 60. Kxf3 Be5 61. Ke4 Ke6 62. g6 Bc7 63. g7 Kf7 64. Kf5 Kxg7 65. Kg5 Bd6
66. Kf5 Kh6 67. Kg4 Kg6 68. Kf3 Kf5 69. Kf2 Kg4 70. Kg1 Kg3 71. Kh1 Kf2 72. g4
f3 73. g5 Be5 74. g6 Kf1 75. g7 Bxg7 76. Kh2 f2 77. Kh1 Ke2 78. Kh2 Be5+ 79.
Kh3 f1=Q+ 80. Kh4 Qg1 81. Kh5 Bf6 82. Kh6 Qg5+ 0-1

[Event "2 Этап Кубка Москвы"]
[Site "Moscow"]
[Date "2017.04.20"]
[Round "3.5"]
[White "Kedrov, Valery V"]
[Black "Prokopchuk, Yury"]
[Result "1-0"]
[WhiteElo "2150"]
[BlackElo "2263"]
[PlyCount "103"]
[EventDate "2017.04.15"]

1. e4 Nf6 2. Nc3 d5 3. exd5 Nxd5 4. g3 b6 5. Bg2 Bb7 6. Nxd5 Bxd5 7. Bxd5 Qxd5
8. Qf3 c6 9. Qxd5 cxd5 10. d4 Nc6 11. c3 e5 12. dxe5 Nxe5 13. Ke2 Bc5 14. Bf4
Nc6 15. Nf3 O-O-O 16. Rhd1 f6 17. h4 Kb7 18. b4 Be7 19. a3 h6 20. h5 b5 21. Rd3
Rd7 22. a4 a6 23. axb5 axb5 24. Be3 Ra8 25. Rxa8 Kxa8 26. Nd4 Nxd4+ 27. Bxd4
Kb7 28. Kf3 Bd6 29. Kg4 Be5 30. Bc5 Kc6 31. Kf5 Bd6 32. Bd4 Re7 33. Re3 Kd7 34.
Kg6 Be5 35. Bc5 Re6 36. f4 d4 37. cxd4 f5+ 38. Kxf5 Rf6+ 39. Kg4 Bd6 40. d5 Rf7
41. Re6 Bc7 42. f5 Bd8 43. Ra6 Kc8 44. Ra8+ Kd7 45. Ra7+ Ke8 46. Rxf7 Kxf7 47.
Kf4 Bf6 48. Ke4 Bc3 49. g4 Ke8 50. Bd6 Kf7 51. Kf4 Bf6 52. Be5 1-0

[Event "2 Этап Кубка Москвы"]
[Site "Moscow"]
[Date "2017.04.20"]
[Round "3.6"]
[White "Apryshko, Gleb"]
[Black "Elyshev, Lev"]
[Result "1-0"]
[WhiteElo "2334"]
[BlackElo "1782"]
[PlyCount "93"]
[EventDate "2017.04.15"]

1. e4 e6 2. d4 d5 3. Nd2 Be7 4. e5 c5 5. Qg4 Kf8 6. Bd3 Nc6 7. Ngf3 cxd4 8. O-O
f6 9. Nxd4 fxe5 10. Nxe6+ Bxe6 11. Qxe6 Nf6 12. c3 e4 13. Bb5 Qd6 14. Qxd6 Bxd6
15. f3 Ne5 16. fxe4 Neg4 17. e5 Bc5+ 18. Kh1 Nxe5 19. Nb3 Bd6 20. Bg5 a6 21.
Be2 Be7 22. Nd4 h6 23. Bh4 g5 24. Bg3 Nf7 25. Ne6+ Kg8 26. Rf5 Rc8 27. Raf1 Rc6
28. Rxf6 Bxf6 29. Rxf6 Rh7 30. Rg6+ Kh8 31. Bf2 Ne5 32. Bd4 Rf7 33. Rxh6+ Kg8
34. Bxe5 Rf5 35. Rh8+ Kf7 36. Nd8+ Ke7 37. Nxc6+ bxc6 38. Bd4 Kd6 39. b4 Rf4
40. Rh6+ Kd7 41. Bf3 g4 42. Rh4 c5 43. Rxg4 Rf7 44. bxc5 Kc6 45. Rg6+ Kb5 46.
Be2+ Ka5 47. Rxa6# 1-0

[Event "2 Этап Кубка Москвы"]
[Site "Moscow"]
[Date "2017.04.20"]
[Round "3.7"]
[White "Samudin, Elina"]
[Black "Borisov, Evgenij"]
[Result "1/2-1/2"]
[WhiteElo "1794"]
[BlackElo "2113"]
[PlyCount "94"]
[EventDate "2017.04.15"]

1. d4 d6 2. c4 e5 3. d5 f5 4. Nd2 Nf6 5. e3 Be7 6. Bd3 O-O 7. Ne2 Nbd7 8. Bxf5
Nc5 9. Bb1 Ng4 10. O-O Bg5 11. Ne4 Bh6 12. h3 Nxe4 13. Bxe4 Nf6 14. Bc2 Nh5 15.
Ng3 Nxg3 16. fxg3 Rxf1+ 17. Qxf1 Qg5 18. Qf3 Bd7 19. e4 Qg6 20. Bxh6 Rf8 21.
Qe3 gxh6 22. Rf1 a5 23. Rxf8+ Kxf8 24. c5 Kg7 25. cxd6 Qxd6 26. Kh2 b6 27. Qc3
Kf7 28. Bd1 Kg7 29. Bh5 Bb5 30. Qf3 Qf6 31. Qxf6+ Kxf6 32. Kg1 Bd3 33. Bf3 Ke7
34. Kf2 Kd6 35. Ke3 Bb5 36. Be2 Bd7 37. Bh5 Ke7 38. Be2 Kd6 39. h4 Ke7 40. g4
Kf6 41. Kf3 Ba4 42. Ba6 Bd1+ 43. Be2 Bc2 44. Ke3 Ba4 45. b3 Bd7 46. Kf3 Ke7 47.
Ke3 Kd6 1/2-1/2